| 000 | 01104nam a2200277 i 4500 | ||
|---|---|---|---|
| 001 | 5891 | ||
| 003 | ES-MaACL | ||
| 005 | 20250321174945.0 | ||
| 008 | 890613s1987 sp aco |||| |bspa d | ||
| 020 | _a84-7658-055-X | ||
| 080 | _a860 Torrente Ballester,Gonzalo1.06 | ||
| 080 | _a929 Torrente Ballester, Gonzalo | ||
| 245 | 0 | 0 |
_aGonzalo Torrente Ballester _b: premio de literatura en lengua castellana "Miguel de Cervantes" (1985) / _c[Alicia Giménez Bartlett... (et al.)]. |
| 250 | _a1ª ed. | ||
| 260 |
_aBarcelona : _bAnthropos ; _aMadrid : Dirección General del Libro y Bibliotecas, _c1987. |
||
| 300 |
_a109 p. : _bfot., retr. ; _c20 cm. |
||
| 490 | 1 |
_aÁmbitos literarios. _aPremios Cervantes ; _v11 |
|
| 504 | _aBibliografía: p. 81-108. | ||
| 600 | 1 | 4 |
_aTorrente Ballester, Gonzalo, _d1910-1999 _9110850 |
| 700 | 1 |
_aGiménez Bartlett, Alicia. _957033 |
|
| 710 | 1 |
_aEspaña. _bDirección General del Libro y Bibliotecas. _93788 |
|
| 830 | 0 | 0 |
_aÁmbitos literarios. _pPremios Cervantes ; _v11 _9236240 |
| 852 |
_aES-MaACL _jL-13026 |
||
| 942 | _2udc | ||
| 999 |
_c5891 _d5891 |
||